The art of loving / (Record no. 111669)
[ view plain ]
| 000 -LEADER | |
|---|---|
| campo de control de longitud fija | 00739cam a2200265Mi 4500 |
| 001 - NÚMERO DE CONTROL | |
| campo de control | 85262 |
| 005 - FECHA Y HORA DE LA ÚLTIMA TRANSACCIÓN | |
| campo de control | 20230411090043.0 |
| 008 - DATOS DE LONGITUD FIJA--INFORMACIÓN GENERAL | |
| campo de control de longitud fija | 881216s1963 nyu 000 0 eng d |
| 035 ## - NÚMERO DE CONTROL DEL SISTEMA | |
| Número de control de sistema | (OCoLC)ocn444833862 |
| 040 ## - FUENTE DE CATALOGACIÓN | |
| Centro catalogador/agencia de origen | SILIS |
| Normas de descripción | ppiak |
| Lengua de catalogación | slv |
| Centro/agencia transcriptor | SILIS |
| 035 ## - NÚMERO DE CONTROL DEL SISTEMA | |
| Número de control de sistema | (OCoLC)444833862 |
| 044 ## - CÓDIGO DEL PAÍS DE LA ENTIDAD EDITORA/PRODUCTORA | |
| Código MARC del país | xxu |
| Código ISO del país | usa |
| 080 ## - NÚMERO DE LA CLASIFICACIÓN DECIMAL UNIVERSAL | |
| Número de la Clasificación Decimal Universal | 17 |
| Identificador de la edición | do 4. izd. |
| 049 ## - FONDOS LOCALES (OCLC) | |
| Biblioteca depositaria | GRAL |
| 100 1# - ENTRADA PRINCIPAL--NOMBRE DE PERSONA | |
| Nombre de persona | Fromm, Erich, |
| Fechas asociadas al nombre | 1900-1980. |
| 245 04 - MENCIÓN DEL TÍTULO | |
| Título | The art of loving / |
| Mención de responsabilidad, etc. | by Erich Fromm. |
| 250 ## - MENCION DE EDICION | |
| Mención de edición | Bantam ed., 8th printing. |
| 260 ## - PUBLICACIÓN, DISTRIBUCIÓN, ETC. | |
| Lugar de publicación, distribución, etc. | New York : |
| Nombre del editor, distribuidor, etc. | Bantam Books, |
| Fecha de publicación, distribución, etc. | 1963. |
| 300 ## - DESCRIPCIÓN FÍSICA | |
| Extensión | VIII, 118 str. ; |
| Dimensiones | 18 cm. |
| 490 1# - MENCIÓN DE SERIE | |
| Mención de serie | Bantam books ; |
| Designación de volumen o secuencia | 60 |
| 653 0# - TÉRMINO DE INDIZACIÓN--NO CONTROLADO | |
| Término no controlado | ljubezen |
| -- | socialna psihologija |
| 830 #0 - PUNTO DE ACCESO ADICIONAL DE SERIE-TÍTULO UNIFORME | |
| Título uniforme | Bantam books ; |
| Designación de volumen o secuencia | 60. |
| 942 ## - ELEMENTOS DE ENTRADA SECUNDARIOS (KOHA) | |
| Fuente del sistema de clasificación o colocación | Clasificación de Library of Congress |
| Tipo de ítem Koha | |
| 994 ## - | |
| -- | C0 |
| -- | DRFGD |
| Estatus retirado | Estado de pérdida | Fuente del sistema de clasificación o colocación | Estado de daño | No para préstamo | Colección | Biblioteca de origen | Biblioteca actual | Ubicación en estantería | Fecha de adquisición | Código de barras | Visto por última vez | Copia número | Tipo de ítem Koha |
|---|---|---|---|---|---|---|---|---|---|---|---|---|---|
| Clasificación de Library of Congress | Automatización y Procesos Técnicos | Biblioteca Juan Bosch | Biblioteca Juan Bosch | Automatización y Procesos Técnicos (1er. Piso) | 11/04/2023 | 00000075688 | 17/02/2019 | 1 |
